[Event "KP 2024/25,SSPM Lipky C-Panda RK B"]
[Site "?"]
[Date "2025.01.05"]
[Round "5.5"]
[White "Jezbera, Jiri"]
[Black "Pavlicek, Miroslav"]
[Result "1/2-1/2"]
[WhiteElo "2065"]
[BlackElo "1975"]
[PlyCount "34"]
[EventDate "2025.??.??"]
[SourceVersionDate "2025.01.05"]

1. e4 d5 2. exd5 Qxd5 3. Nc3 Qa5 4. h3 c6 5. Nf3 Nf6 6. d4 Bf5 7. Bd3 Bxd3 8.
Qxd3 e6 9. O-O Nbd7 10. a3 Bd6 11. Bd2 Qh5 12. Ng5 h6 13. Nge4 Nxe4 14. Nxe4
Bc7 15. f4 O-O-O 16. Qf3 Qxf3 17. Rxf3 Nb6 1/2-1/2

[Event "KP 2024/25,SSPM Lipky C-Panda RK B"]
[Site "?"]
[Date "2025.01.05"]
[Round "5.6"]
[White "Novotny, Josef"]
[Black "Vestfal, Jan"]
[Result "0-1"]
[WhiteElo "1946"]
[BlackElo "2036"]
[PlyCount "70"]
[EventDate "2025.??.??"]
[SourceVersionDate "2025.01.05"]

1. e3 d5 2. d3 e5 3. Nf3 Bd6 4. Nc3 c6 5. e4 Ne7 6. a3 O-O 7. h3 f5 8. Bg5 Be6
9. Qd2 Nd7 10. exf5 Bxf5 11. Be2 h6 12. Bh4 Qc7 13. g4 Be6 14. g5 h5 15. g6
Nxg6 16. Ng5 Bf5 17. Bg3 h4 18. Bh2 b5 19. Bh5 Rf6 20. Ne2 Nc5 21. Rd1 Re8 22.
Rg1 e4 23. Bxd6 Qxd6 24. d4 Nd3+ 25. cxd3 exd3 26. Kf1 dxe2+ 27. Bxe2 Nf4 28.
Bg4 Bd3+ 29. Qxd3 Nxd3 30. Rxd3 Qf4 31. Nf3 Qc1+ 32. Kg2 Qxb2 33. Rd2 Qxa3 34.
Nxh4 Ref8 35. f4 Qe3 0-1

[Event "KP 2024/25,SSPM Lipky C-Panda RK B"]
[Site "?"]
[Date "2025.01.05"]
[Round "5.7"]
[White "Minovsky, Roman"]
[Black "Dvorak, Milan"]
[Result "1-0"]
[WhiteElo "1930"]
[BlackElo "1880"]
[PlyCount "135"]
[EventDate "2025.??.??"]
[SourceVersionDate "2025.01.05"]

1. c4 b6 2. Nc3 Bb7 3. e3 Nf6 4. Nf3 e6 5. b3 g6 6. d4 Bb4 7. Bd2 Bf8 8. Bd3
Bg7 9. e4 d6 10. O-O O-O 11. Qc1 c5 12. d5 e5 13. Bg5 Qd7 14. h3 Na6 15. a3 Nc7
16. Nh2 Nh5 17. Be2 Nf4 18. Bg4 f5 19. exf5 gxf5 20. Bf3 Ng6 21. Bh6 Bxh6 22.
Qxh6 Qg7 23. Qxg7+ Kxg7 24. Rfe1 Nf4 25. Rad1 Rae8 26. h4 Bc8 27. g3 Ng6 28. a4
Bd7 29. Nf1 e4 30. Bh5 Kh6 31. Bxg6 hxg6 32. Ne2 g5 33. hxg5+ Kxg5 34. Nf4 Rh8
35. Kg2 Rh7 36. Ne3 Reh8 37. Rg1 Ne8 38. Rd2 Kf6 39. Ra2 a5 40. Rd2 Rh2+ 41.
Kf1 Rh1 42. Rd1 R1h6 43. Ke2 Rg8 44. Rh1 Rgh8 45. Rhg1 Rg8 46. Nc2 Ke5 47. Rh1
Rgh8 48. Ng6+ Rxg6 49. Rxh8 f4 50. gxf4+ Kxf4 51. Ne3 Ke5 52. Rh5+ Kf6 53. Rdh1
Ke7 54. Rh7+ Ng7 55. R1h4 Rg1 56. Rxe4+ Kf8 57. Rh6 Ne8 58. Rf4+ Kg7 59. Rh2
Rg5 60. Rg2 Rxg2 61. Nxg2 Nf6 62. Ne3 Bc8 63. Nf5+ Bxf5 64. Rxf5 Nd7 65. Rg5+
Kf7 66. Ke3 Ne5 67. Ke4 Nd7 68. Rg2 1-0

[Event "KP 2024/25,SSPM Lipky C-Panda RK B"]
[Site "?"]
[Date "2025.01.05"]
[Round "5.8"]
[White "Cermak, Miroslav"]
[Black "Tichy, Miroslav"]
[Result "1/2-1/2"]
[WhiteElo "1884"]
[BlackElo "1989"]
[PlyCount "34"]
[EventDate "2025.??.??"]
[SourceVersionDate "2025.01.05"]

1. d4 Nf6 2. Bg5 g6 3. Nd2 Bg7 4. e3 O-O 5. Bd3 d6 6. f4 c5 7. c3 Nc6 8. Ngf3
cxd4 9. exd4 h6 10. Bh4 Nd5 11. Bg3 Ne3 12. Qe2 Nf5 13. d5 Nb8 14. Bf2 h5 15.
O-O Na6 16. Nb3 Nc7 17. Rad1 Re8 1/2-1/2

[Event "KP 2024/25,J. Horice-TJ Nachod B"]
[Site "?"]
[Date "2025.01.05"]
[Round "5.1"]
[White "Kulhanek, Jachym"]
[Black "Mojzis, Jan"]
[Result "0-1"]
[WhiteElo "1989"]
[BlackElo "2044"]
[PlyCount "110"]
[EventDate "2025.01.05"]

1. e4 c5 2. c3 e6 3. d4 d5 4. exd5 exd5 5. Nf3 Nc6 6. Be2 Bd6 7. O-O Nge7 8.
dxc5 Bxc5 9. Nbd2 O-O 10. Nb3 Bb6 11. Qc2 Bg4 12. Rd1 Rc8 13. Qd2 Qd7 14. h3
Bf5 15. Bd3 Rfd8 16. Bxf5 Qxf5 17. Qg5 f6 18. Qxf5 Nxf5 19. g4 Ng3 20. Kg2 Ne4
21. Nfd4 Kf7 22. Be3 Nd6 23. Nc2 Nc4 24. Bxb6 Nxb6 25. Nbd4 g6 26. Kg3 Na4 27.
Rab1 a6 28. Ne3 Rc7 29. h4 Re7 30. c4 dxc4 31. Nxc6 Rxd1 32. Rxd1 bxc6 33. Nxc4
Re2 34. Kf3 Rc2 35. b3 Nc5 36. Rd2 Rc3+ 37. Ne3 Ke7 38. Rc2 Rxc2 39. Nxc2 a5
40. Ke3 Kd6 41. Na3 Kd5 42. Nc4 Nb7 43. Kf4 Kd4 44. g5 f5 45. h5 gxh5 46. Kxf5
a4 47. Ne5 axb3 48. axb3 c5 49. Kf6 Ke4 50. Nd7 h4 51. Ne5 h3 52. Ng4 Kf4 53.
Nh2 Na5 54. Ke6 Nxb3 55. Kd5 Nd2 0-1

[Event "KP 2024/25,J. Horice-TJ Nachod B"]
[Site "?"]
[Date "2025.01.05"]
[Round "5.2"]
[White "Semerak, Pavel"]
[Black "Flasar, Jaroslav"]
[Result "0-1"]
[WhiteElo "1973"]
[BlackElo "2047"]
[PlyCount "68"]
[EventDate "2025.01.05"]

1. e4 c5 2. Nf3 e6 3. d4 cxd4 4. Nxd4 a6 5. c4 Nc6 6. Be2 Nf6 7. Bf3 Ne5 8. Qe2
Qc7 9. O-O Qxc4 10. Qxc4 Nxc4 11. Be2 Ne5 12. Nc3 b5 13. f3 Bc5 14. Be3 Nc6 15.
Rfd1 Nxd4 16. Bxd4 Bxd4+ 17. Rxd4 Rb8 18. e5 Ng8 19. Ne4 Ke7 20. Rad1 Nh6 21.
Nd6 Bb7 22. a4 Bc6 23. b4 f6 24. f4 Nf5 25. Nxf5+ exf5 26. axb5 axb5 27. Bf3
fxe5 28. fxe5 Rhd8 29. Rd6 Rbc8 30. Be2 Ra8 31. g4 Ra2 32. Kf1 fxg4 33. e6 Rxe2
34. Rxc6 dxc6 0-1

[Event "KP 2024/25,J. Horice-TJ Nachod B"]
[Site "?"]
[Date "2025.01.05"]
[Round "5.3"]
[White "Stejskal, Michal"]
[Black "Sobotnik, Petr"]
[Result "0-1"]
[WhiteElo "1915"]
[BlackElo "1920"]
[PlyCount "44"]
[EventDate "2025.01.05"]

1. e4 c6 2. d4 d5 3. e5 Bf5 4. Ne2 e6 5. Ng3 Bg6 6. h4 h6 7. h5 Bh7 8. Bd3 Bxd3
9. cxd3 Nd7 10. Qg4 c5 11. O-O cxd4 12. f4 Qb6 13. Nd2 Ne7 14. Nf3 Nc6 15. Bd2
O-O-O 16. Kh2 Rg8 17. Rfc1 Kb8 18. a3 Nc5 19. Rc2 Nxd3 20. b4 Nf2 21. Qh4 Be7
22. Rxc6 Bxh4 0-1

[Event "KP 2024/25,J. Horice-TJ Nachod B"]
[Site "?"]
[Date "2025.01.05"]
[Round "5.4"]
[White "Jirman, Jonas"]
[Black "Hrnciarik, Karel"]
[Result "0-1"]
[WhiteElo "1762"]
[BlackElo "1956"]
[PlyCount "64"]
[EventDate "2025.01.05"]

1. e4 c5 2. Nf3 d6 3. d4 cxd4 4. Nxd4 g6 5. Be3 Bg7 6. Nc3 Nc6 7. f3 a6 8. Qd2
Bd7 9. h4 h5 10. Nd5 Rc8 11. Be2 Nf6 12. Nxc6 Bxc6 13. Nb6 Rb8 14. Qc3 O-O 15.
Bd4 Ne8 16. g4 Qxb6 17. Bxb6 Bxc3+ 18. bxc3 hxg4 19. h5 gxf3 20. Bxf3 Nf6 21.
O-O-O Bxe4 22. Bxe4 Nxe4 23. Rdg1 g5 24. h6 Kh7 25. Be3 f6 26. Kb2 Rbc8 27. Re1
Rf7 28. Bd4 f5 29. Rhf1 d5 30. Bg7 e6 31. Rg1 g4 32. Ref1 Rfc7 0-1

[Event "KP 2024/25,J. Horice-TJ Nachod B"]
[Site "?"]
[Date "2025.01.05"]
[Round "5.5"]
[White "Sedivy, Ales"]
[Black "Pultar, Petr"]
[Result "0-1"]
[WhiteElo "1942"]
[BlackElo "1872"]
[PlyCount "88"]
[EventDate "2025.01.05"]

1. e4 d5 2. exd5 Qxd5 3. Nc3 Qa5 4. Bc4 Nf6 5. Nf3 Bf5 6. d3 c6 7. O-O Nbd7 8.
Re1 e6 9. Ne4 Qc7 10. h3 O-O-O 11. Bg5 h6 12. Bh4 Bxe4 13. dxe4 Nb6 14. Qe2
Nxc4 15. Qxc4 e5 16. Bxf6 gxf6 17. Rad1 Bg7 18. Nh4 Rhe8 19. Nf5 Bf8 20. c3 Rd7
21. Rxd7 Qxd7 22. Ne3 Re6 23. Rd1 Qc7 24. Nf5 Re8 25. Qd3 Rd8 26. Qxd8+ Qxd8
27. Rxd8+ Kxd8 28. g4 a5 29. Kg2 b5 30. b3 Kc7 31. Kg3 Kb6 32. Kh4 a4 33. Kh5
Kc5 34. Nxh6 b4 35. cxb4+ Kxb4 36. bxa4 Bxh6 37. Kxh6 c5 38. Kg7 c4 39. h4 c3
40. h5 c2 41. h6 c1=Q 42. h7 Qg5+ 43. Kxf7 Qh6 44. f3 Kxa4 0-1

[Event "KP 2024/25,J. Horice-TJ Nachod B"]
[Site "?"]
[Date "2025.01.05"]
[Round "5.6"]
[White "Novotny, Jan"]
[Black "Kohout, Jan"]
[Result "1/2-1/2"]
[WhiteElo "1926"]
[BlackElo "1927"]
[PlyCount "61"]
[EventDate "2025.01.05"]

1. Nf3 Nf6 2. c4 e6 3. Nc3 d5 4. e3 Nbd7 5. Be2 Be7 6. O-O b6 7. b3 Bb7 8. Bb2
O-O 9. Rc1 c5 10. d4 Rc8 11. cxd5 Nxd5 12. Nxd5 exd5 13. dxc5 bxc5 14. Qc2 Bf6
15. Rfd1 Bxb2 16. Qxb2 Qf6 17. Qxf6 Nxf6 18. Ne5 Rfd8 19. Kf1 g6 20. Bb5 Ne4
21. Nf3 f6 22. Nd2 Nd6 23. Bd3 Kf7 24. f3 Re8 25. Kf2 Re7 26. Re1 Ne8 27. Nb1
Ng7 28. Nc3 a6 29. Na4 Ne6 30. Red1 Rec7 31. Nb6 1/2-1/2

[Event "KP 2024/25,J. Horice-TJ Nachod B"]
[Site "?"]
[Date "2025.01.05"]
[Round "5.7"]
[White "Kopecky, Petr"]
[Black "Bednar, Jiri"]
[Result "0-1"]
[WhiteElo "1875"]
[BlackElo "1884"]
[PlyCount "38"]
[EventDate "2025.01.05"]

1. e4 e5 2. Nf3 Nc6 3. Bc4 Nf6 4. d3 Be7 5. Nc3 d6 6. h3 Na5 7. Nd2 c6 8. a3
Nxc4 9. Nxc4 d5 10. exd5 cxd5 11. Nxe5 d4 12. Nxf7 Kxf7 13. Ne2 Re8 14. O-O b6
15. Bf4 Bb7 16. Qd2 Qd5 17. f3 Bd6 18. c4 dxc3 19. Nxc3 Qd4+ 0-1

[Event "KP 2024/25,J. Horice-TJ Nachod B"]
[Site "?"]
[Date "2025.01.05"]
[Round "5.8"]
[White "Bubenicek, Simon"]
[Black "Safarik, Kamil"]
[Result "1-0"]
[WhiteElo "1655"]
[BlackElo "1866"]
[PlyCount "51"]
[EventDate "2025.01.05"]

1. d4 d5 2. c4 e6 3. Nc3 c6 4. Nf3 f5 5. Bf4 Nf6 6. e3 Be7 7. Bd3 O-O 8. O-O h6
9. h3 Nbd7 10. cxd5 cxd5 11. Nb5 Nh5 12. Bh2 f4 13. Bg6 a6 14. Nc3 Nhf6 15.
Bxf4 b5 16. Rc1 Bb7 17. Qb3 Nb6 18. Nxb5 axb5 19. Bc7 Qc8 20. Bxb6 Qd7 21. Rc7
Ba6 22. Rxd7 Nxd7 23. Bc7 b4 24. Rc1 Rfc8 25. Qd1 Bb5 26. Ne5 1-0

[Event "KP 2024/25,Jiskra N. Bydzov-SK Lipa B"]
[Site "?"]
[Date "2025.01.05"]
[Round "5.1"]
[White "Kohout, Martin"]
[Black "Szucs, Matyas"]
[Result "0-1"]
[WhiteElo "2035"]
[BlackElo "2085"]
[Annotator "batka,PC"]
[PlyCount "86"]
[EventDate "2025.??.??"]
[TimeControl "240+2"]

{600MB, Fritz10.ctg} 1. Nf3 d6 2. g3 g6 3. Bg2 Bg7 4. d3 c5 5. O-O Nc6 6. e4
Rb8 7. a4 a6 8. Re1 Nf6 9. Nbd2 O-O 10. h3 Nd7 11. Nc4 b5 12. axb5 axb5 13. Ne3
Nb6 14. Nd5 Nxd5 15. exd5 Nb4 16. c4 Bf5 17. Ra7 Nxd3 18. Rexe7 Nxc1 19. Qxc1
Bf6 20. Rec7 bxc4 21. Qxc4 Rxb2 22. Qa6 Rb1+ 23. Kh2 Ra1 24. Qc6 Rxa7 25. Rxa7
Qb8 26. Rb7 Qa8 27. g4 Be4 28. g5 Bg7 29. h4 Bxf3 30. Bxf3 Be5+ 31. Kg2 Qa2 32.
Re7 Qc4 33. Rxe5 dxe5 34. d6 Qxh4 35. Bd5 Qxg5+ 36. Kf1 Qf6 37. Qc7 Qd8 38.
Bxf7+ Kg7 39. Be6+ Kf6 40. Bh3 h5 41. Qxc5 g5 42. Bg2 Qd7 43. Bd5 Rc8 0-1

[Event "KP 2024/25,Jiskra N. Bydzov-SK Lipa B"]
[Site "?"]
[Date "2025.01.05"]
[Round "5.2"]
[White "Safarik, Jakub"]
[Black "Prazak, Matous"]
[Result "1-0"]
[WhiteElo "2145"]
[BlackElo "1974"]
[Annotator "batka,PC"]
[PlyCount "101"]
[EventDate "2025.??.??"]
[TimeControl "240+2"]

{600MB, Fritz10.ctg} 1. d4 d6 2. Nf3 Nf6 3. c4 g6 4. Nc3 Bg7 5. e4 O-O 6. Be2
e5 7. O-O Nc6 8. d5 Ne7 9. Ne1 Nd7 10. f3 a5 11. Nd3 f5 12. Be3 b6 13. a3 Nc5
14. Rc1 h6 15. b4 axb4 16. axb4 Nxd3 17. Bxd3 g5 18. c5 bxc5 19. bxc5 f4 20.
Bf2 h5 21. cxd6 cxd6 22. Nb5 Rf6 23. Qc2 Ng6 24. Qc7 Ba6 25. Qxd8+ Rxd8 26. Rc6
Bxb5 27. Bxb5 Bf8 28. Ra1 Rf7 29. Raa6 g4 30. Be2 Rb8 31. Rab6 Ra8 32. Ba6 Kh7
33. Kf1 gxf3 34. gxf3 Nh8 35. Be1 Rg7 36. Bc8 Ra2 37. Bf5+ Kg8 38. Rb8 Rxh2 39.
Rcc8 Rh1+ 40. Ke2 Rg2+ 41. Bf2 Ng6 42. Bxg6 Ra1 43. Rxf8+ Kg7 44. Bxh5 Ra2+ 45.
Kd3 Rgxf2 46. Rg8+ Kh6 47. Rh8+ Kg5 48. Rbg8+ Kf6 49. Rh6+ Ke7 50. Rh7+ Kf6 51.
Rf7# 1-0

[Event "KP 2024/25,Jiskra N. Bydzov-SK Lipa B"]
[Site "?"]
[Date "2025.01.05"]
[Round "5.3"]
[White "Vanek, Tomas"]
[Black "Sedivy, Martin"]
[Result "0-1"]
[WhiteElo "1923"]
[BlackElo "2110"]
[Annotator "batka,PC"]
[PlyCount "98"]
[EventDate "2025.??.??"]
[TimeControl "240+2"]

{600MB, Fritz10.ctg} 1. e4 c5 2. d4 cxd4 3. Qxd4 Nc6 4. Qe3 Nf6 5. Nc3 d5 6.
exd5 Nxd5 7. Nxd5 Qxd5 8. Bd2 Bf5 9. c3 e5 10. Nf3 Bc5 11. Qg5 Bg6 12. Be2 f6
13. Qg3 Rd8 14. Rd1 Qxa2 15. Bc1 Rxd1+ 16. Kxd1 O-O 17. Nd2 Rd8 18. Ke1 Bf7 19.
Bd3 Qd5 20. Bc4 Qd7 21. Bxf7+ Kxf7 22. Ke2 Qd5 23. Re1 e4 24. Kf1 f5 25. b4 Bb6
26. c4 Qd3+ 27. Qxd3 Rxd3 28. b5 Ne5 29. Ke2 Ba5 30. Rd1 Bxd2 31. Rxd2 Rxd2+
32. Kxd2 Nxc4+ 33. Kc3 Nd6 34. Kb4 b6 35. Bg5 Ke6 36. Bd8 Kd5 37. Bc7 f4 38.
Bb8 e3 39. fxe3 fxe3 40. Kc3 Nxb5+ 41. Kd3 a5 42. Bf4 Nd6 43. Bxe3 b5 44. g3 b4
45. Kc2 Kc4 46. Kb2 a4 47. Bf4 a3+ 48. Ka2 Ne4 49. Be5 Nc3+ 0-1

[Event "KP 2024/25,Jiskra N. Bydzov-SK Lipa B"]
[Site "?"]
[Date "2025.01.05"]
[Round "5.4"]
[White "Vasatko, Martin"]
[Black "Vanicek, Vojtech"]
[Result "1/2-1/2"]
[WhiteElo "1953"]
[BlackElo "1909"]
[Annotator "batka,PC"]
[PlyCount "108"]
[EventDate "2025.??.??"]
[TimeControl "240+2"]

{600MB, Fritz10.ctg} 1. e4 e5 2. Nf3 Nc6 3. Bc4 Bc5 4. c3 Nf6 5. d4 exd4 6. e5
d5 7. Bb5 Ne4 8. cxd4 Bb6 9. Nc3 O-O 10. Be3 Bf5 11. Bxc6 Nxc3 12. bxc3 bxc6
13. O-O Qe7 14. Qa4 Bd3 15. Rfc1 Qe6 16. Nd2 f6 17. exf6 Rxf6 18. c4 dxc4 19.
Nxc4 Bxc4 20. Qxc4 Qd5 21. a4 a5 22. Rc2 Rg6 23. g3 Rd8 24. Rb1 Rgd6 25. h3
Bxd4 26. Bxd4 Qxc4 27. Rxc4 Rxd4 28. Rxc6 Rd1+ 29. Rxd1 Rxd1+ 30. Kg2 Rd4 31.
Rxc7 h6 32. Ra7 Rxa4 33. g4 Ra1 34. h4 a4 35. h5 a3 36. Kf3 a2 37. Kf4 Kf8 38.
Kf5 Ke8 39. f3 Rf1 40. Rxa2 Rxf3+ 41. Kg6 Rf4 42. Ra8+ Ke7 43. Kxg7 Rxg4+ 44.
Kxh6 Kf7 45. Kh7 Rg7+ 46. Kh8 Rg5 47. h6 Rh5 48. h7 Rh4 49. Ra1 Rf4 50. Rg1 Kf8
51. Rg7 Rf3 52. Rb7 Rf4 53. Rb8+ Kf7 54. Rf8+ Kxf8 1/2-1/2

[Event "KP 2024/25,Jiskra N. Bydzov-SK Lipa B"]
[Site "?"]
[Date "2025.01.05"]
[Round "5.5"]
[White "Mrazek, Vladimir"]
[Black "Sucharda, David"]
[Result "0-1"]
[WhiteElo "1842"]
[BlackElo "2086"]
[Annotator "batka,PC"]
[PlyCount "74"]
[EventDate "2025.??.??"]
[TimeControl "240+2"]

{600MB, Fritz10.ctg} 1. d4 e6 2. c4 Bb4+ 3. Bd2 a5 4. Bxb4 axb4 5. Nf3 Nf6 6.
e3 b6 7. Bd3 Bb7 8. Nbd2 d5 9. O-O O-O 10. Qc2 c5 11. Rfe1 Nbd7 12. b3 Rc8 13.
Qb2 Qe7 14. Rac1 Rfd8 15. e4 dxc4 16. Bxc4 cxd4 17. Nxd4 Nc5 18. e5 Nd5 19. Nb5
Nf4 20. Nd6 Bxg2 21. Re3 Rc7 22. Rd1 Qh4 23. Rg3 h6 24. Re1 Bc6 25. Ree3 Rcd7
26. Nf3 Qh5 27. Nd4 Qd1+ 28. Bf1 Ba8 29. Ne2 Ng6 30. Qd4 Qxd4 31. Nxd4 Nxe5 32.
N4b5 Ng6 33. Rg4 Rxd6 34. Nxd6 Rxd6 35. Rxb4 e5 36. f3 Rf6 37. Kf2 e4 0-1

[Event "KP 2024/25,Jiskra N. Bydzov-SK Lipa B"]
[Site "?"]
[Date "2025.01.05"]
[Round "5.6"]
[White "Vitova, Anna"]
[Black "Bednar, Milos"]
[Result "0-1"]
[WhiteElo "1880"]
[BlackElo "1842"]
[Annotator "batka,PC"]
[PlyCount "75"]
[EventDate "2025.??.??"]
[TimeControl "240+2"]

{600MB, Fritz10.ctg} 1. d4 d5 2. Nf3 Nf6 3. g3 g6 4. Bg2 Bg7 5. O-O Nbd7 6. c4
e6 7. Qc2 O-O 8. Nbd2 b6 9. Re1 Bb7 10. b3 c5 11. Bb2 Rc8 12. Rac1 dxc4 13.
bxc4 cxd4 14. Nxd4 Bxg2 15. Kxg2 Nc5 16. N2f3 Qe7 17. Kg1 e5 18. Nb3 e4 19.
Nfd4 e3 20. f3 Na4 21. Ba1 Rfd8 22. Red1 Rd7 23. Na5 Nc5 24. Nac6 Qd6 25. Qc3
Rxc6 26. Nxc6 Qxc6 27. Qxe3 Qa4 28. Rxd7 Nfxd7 29. Bxg7 Kxg7 30. Qd2 h5 31. a3
Qxa3 32. Qd4+ Kh7 33. Ra1 Qb4 34. e4 a5 35. e5 Qb3 36. Re1 Qd3 37. Qf4 Kg7 38.
g4 0-1

[Event "KP 2024/25,Jiskra N. Bydzov-SK Lipa B"]
[Site "?"]
[Date "2025.01.05"]
[Round "5.7"]
[White "Vanek, Jiri"]
[Black "Barvinek, Milan"]
[Result "1/2-1/2"]
[WhiteElo "1802"]
[BlackElo "1864"]
[Annotator "batka,PC"]
[PlyCount "80"]
[EventDate "2025.??.??"]
[TimeControl "240+2"]

{600MB, Fritz10.ctg} 1. e4 e5 2. Nf3 Nc6 3. Bc4 Bc5 4. O-O Nf6 5. d3 d6 6. h3
Be6 7. Bb3 O-O 8. Bg5 Qe7 9. Nc3 Rad8 10. Nd5 Bxd5 11. Bxd5 Nd4 12. Nxd4 Bxd4
13. c3 Bc5 14. Bxb7 Rb8 15. Bd5 Rxb2 16. Bb3 d5 17. exd5 Qd6 18. Bc1 Rxb3 19.
axb3 Nxd5 20. Qc2 Rd8 21. Bb2 Qg6 22. Bc1 Rd6 23. Ra4 h5 24. b4 Bb6 25. c4 Nxb4
26. Rxb4 Rxd3 27. Rd1 Rd4 28. Qe2 Re4 29. Qf3 f5 30. Be3 c5 31. Ra4 f4 32. Bd2
Rd4 33. Ba5 Qc2 34. Rxd4 Qxa4 35. Rd7 Qxd7 36. Bxb6 axb6 37. Qxh5 e4 38. Qe5 e3
39. fxe3 fxe3 40. Qxe3 Qd1+ 1/2-1/2

[Event "KP 2024/25,Jiskra N. Bydzov-SK Lipa B"]
[Site "?"]
[Date "2025.01.05"]
[Round "5.8"]
[White "Vosmik, Matej"]
[Black "Vanicek, Lukas"]
[Result "1/2-1/2"]
[WhiteElo "1759"]
[BlackElo "1796"]
[Annotator "batka,PC"]
[PlyCount "52"]
[EventDate "2025.??.??"]
[TimeControl "240+2"]

{600MB, Fritz10.ctg} 1. b3 d5 2. Bb2 c5 3. e3 Nc6 4. Nf3 Bg4 5. Be2 Bxf3 6.
Bxf3 e5 7. O-O Nf6 8. d3 Qd7 9. Nd2 Be7 10. c4 d4 11. exd4 exd4 12. Ne4 O-O 13.
Ba3 Nxe4 14. Bxe4 a5 15. f4 f5 16. Bd5+ Kh8 17. Qf3 Ra7 18. Rae1 Bd6 19. Be6
Qc7 20. Bc1 Nd8 21. a4 Nxe6 22. Rxe6 Raa8 23. Rfe1 Rad8 24. g4 fxg4 25. Qxg4
Qf7 26. Rf1 Qf5 1/2-1/2

[Event "KP 2024/25,Panda RK B-Jiskra N. Bydzov"]
[Site "?"]
[Date "2025.01.19"]
[Round "6.1"]
[White "Horak, Jan"]
[Black "Kohout, Martin"]
[Result "1-0"]
[WhiteElo "2138"]
[BlackElo "2035"]
[PlyCount "73"]
[EventDate "2025.??.??"]
[SourceVersionDate "2025.01.19"]

1. c4 Nf6 2. Nc3 d6 3. g3 g6 4. Bg2 Bg7 5. e4 Nbd7 6. Nge2 O-O 7. O-O e5 8. h3
Nc5 9. d3 c6 10. Be3 Ne8 11. d4 Ne6 12. dxe5 Bxe5 13. f4 Bg7 14. Qd2 Qc7 15.
Rad1 b6 16. f5 Nc5 17. Bh6 f6 18. fxg6 hxg6 19. Bf4 Nb7 20. Nd4 Nd8 21. b4 Qf7
22. Qd3 Bb7 23. h4 Ne6 24. Nxe6 Qxe6 25. Kh2 Rd8 26. c5 bxc5 27. bxc5 f5 28.
cxd6 Bxc3 29. Qxc3 Nxd6 30. Bxd6 Rxd6 31. exf5 gxf5 32. Rxd6 Qxd6 33. Qb3+ Rf7
34. Rxf5 Qe7 35. Rg5+ Kf8 36. Qc3 Qd6 37. Qh8+ 1-0

[Event "KP 2024/25,Panda RK B-Jiskra N. Bydzov"]
[Site "?"]
[Date "2025.01.19"]
[Round "6.2"]
[White "Prazak, Matous"]
[Black "Zelba, Lukas"]
[Result "0-1"]
[WhiteElo "1974"]
[BlackElo "2032"]
[PlyCount "78"]
[EventDate "2025.??.??"]
[SourceVersionDate "2025.01.19"]

1. c4 e6 2. Nc3 d5 3. e3 c6 4. Nf3 Bd6 5. b3 f5 6. Bb2 Nf6 7. d4 Nbd7 8. Be2
O-O 9. O-O Ne4 10. Nd2 Qh4 11. f4 g5 12. Nf3 Qh6 13. Nxe4 fxe4 14. Nxg5 Rf6 15.
Bh5 Rf5 16. Qg4 Nf6 17. Bf7+ Kf8 18. Qg3 Ke7 19. c5 Bc7 20. h4 Qg7 21. Qh3 h6
22. g4 Nxg4 23. Qxg4 Rxf7 24. Qg3 hxg5 25. hxg5 Bd7 26. Kg2 Rf5 27. Rh1 Be8 28.
Rh4 Bg6 29. Rah1 Rff8 30. Qh2 Qf7 31. Bc3 Rg8 32. Kf2 Bf5 33. Rg1 Rg7 34. Qg3
Rag8 35. Bd2 Kd7 36. Ke2 Rxg5 37. Qxg5 Rxg5 38. fxg5 Bg6 39. Rf1 Bh5+ 0-1

[Event "KP 2024/25,Panda RK B-Jiskra N. Bydzov"]
[Site "?"]
[Date "2025.01.19"]
[Round "6.3"]
[White "Kroulik, Vaclav"]
[Black "Vanek, Tomas"]
[Result "1-0"]
[WhiteElo "1996"]
[BlackElo "1923"]
[PlyCount "85"]
[EventDate "2025.??.??"]
[SourceVersionDate "2025.01.19"]

1. e4 d5 2. exd5 Qxd5 3. Nc3 Qa5 4. d4 Nf6 5. Nf3 Bf5 6. Bc4 e6 7. Bd2 c6 8.
O-O Nbd7 9. Qe2 Qc7 10. Rfe1 O-O-O 11. a3 Bd6 12. b4 Bxc2 13. Rac1 Bg6 14. Nb5
Qb8 15. Nxd6+ Qxd6 16. b5 cxb5 17. Bxb5+ Kb8 18. Bb4 Qb6 19. Bxd7 Nxd7 20. Ne5
Nf6 21. Bc5 Qa5 22. Qb2 Ka8 23. Nc4 Qa6 24. Re3 Nd5 25. Rb3 b6 26. Bd6 Rc8 27.
Ne5 Rxc1+ 28. Qxc1 Rc8 29. Qe1 Qa4 30. Rf3 f6 31. Nxg6 hxg6 32. h3 Re8 33. Qe4
f5 34. Qe5 Qd7 35. Rg3 Qf7 36. f4 Kb7 37. Rb3 Rd8 38. Kh2 a5 39. Kg1 Qd7 40.
Bc5 Kc6 41. Bxb6 Ra8 42. Bc5 Qc7 43. Qxe6+ 1-0

[Event "KP 2024/25,Panda RK B-Jiskra N. Bydzov"]
[Site "?"]
[Date "2025.01.19"]
[Round "6.4"]
[White "Vanicek, Vojtech"]
[Black "Pavlicek, Miroslav"]
[Result "0-1"]
[WhiteElo "1909"]
[BlackElo "1975"]
[PlyCount "88"]
[EventDate "2025.??.??"]
[SourceVersionDate "2025.01.19"]

1. e4 d5 2. exd5 Qxd5 3. Nc3 Qa5 4. d4 c6 5. Nf3 Bg4 6. h3 Bxf3 7. Qxf3 Nf6 8.
Bd2 Qd8 9. O-O-O e6 10. Bg5 Be7 11. Ne4 Nxe4 12. Bxe7 Qxe7 13. Qxe4 Nd7 14. Bd3
O-O-O 15. c3 Nf6 16. Qf4 Nd5 17. Qe5 Qd6 18. g3 g6 19. Rhe1 Qf8 20. f4 Nb6 21.
g4 Qh6 22. Re3 Rhe8 23. Rf3 Rd5 24. Qf6 Qf8 25. Qh4 h5 26. f5 exf5 27. gxf5
Qh6+ 28. Qf4 Qxf4+ 29. Rxf4 g5 30. Rf3 f6 31. Kd2 c5 32. dxc5 Nc4+ 33. Kc1 Ne5
34. Re3 Rxc5 35. Be2 h4 36. Rd6 Rc6 37. Rxc6+ bxc6 38. Kc2 Kc7 39. Re4 Re7 40.
b4 Ng6 41. fxg6 Rxe4 42. Bc4 g4 43. g7 Re8 44. Be6 g3 0-1

[Event "KP 2024/25,Panda RK B-Jiskra N. Bydzov"]
[Site "?"]
[Date "2025.01.19"]
[Round "6.5"]
[White "Novotny, Josef"]
[Black "Mrazek, Vladimir"]
[Result "1/2-1/2"]
[WhiteElo "1946"]
[BlackElo "1842"]
[PlyCount "84"]
[EventDate "2025.??.??"]
[SourceVersionDate "2025.01.19"]

1. e3 d5 2. d3 Nf6 3. h3 c5 4. Nf3 Nc6 5. Nc3 e5 6. g3 h6 7. Bg2 Bd6 8. e4 d4
9. Ne2 Be6 10. b3 Ne7 11. Kf1 Ng6 12. Bd2 Qc7 13. Kg1 O-O-O 14. c3 Kb8 15. Rc1
Qd7 16. h4 Nh7 17. h5 Ne7 18. Be1 f5 19. Nd2 Nf6 20. cxd4 cxd4 21. exf5 Bxf5
22. Nc4 Rc8 23. Bf3 Nc6 24. a3 Rhe8 25. b4 Bf8 26. Rb1 e4 27. dxe4 Bxe4 28.
Bxe4 Nxe4 29. Nf4 Ne5 30. Nxe5 Rxe5 31. Nd3 Rd5 32. Nf4 Rf5 33. Qd3 Ng5 34. Bd2
Rf6 35. Kg2 Rd6 36. b5 Rf6 37. f3 Bc5 38. Rbe1 b6 39. Re5 Nf7 40. Rd5 Rd6 41.
Rxd6 Nxd6 42. Re1 Nxb5 1/2-1/2

[Event "KP 2024/25,Panda RK B-Jiskra N. Bydzov"]
[Site "?"]
[Date "2025.01.19"]
[Round "6.6"]
[White "Bednar, Milos"]
[Black "Daniel, Jiri"]
[Result "0-1"]
[WhiteElo "1842"]
[BlackElo "1919"]
[PlyCount "102"]
[EventDate "2025.??.??"]
[SourceVersionDate "2025.01.19"]

1. e4 d6 2. Nf3 g6 3. d4 Bg7 4. c4 Nc6 5. Be2 e5 6. d5 Nce7 7. Nc3 f5 8. O-O
Nf6 9. Bg5 O-O 10. Rc1 a5 11. Bxf6 Bxf6 12. Ne1 f4 13. Nd3 b6 14. Bg4 g5 15. a3
Bd7 16. Nb5 Qc8 17. Bxd7 Qxd7 18. b4 Ng6 19. Nc3 g4 20. f3 h5 21. c5 axb4 22.
axb4 bxc5 23. bxc5 Rfb8 24. Ra1 Kf7 25. Rxa8 Rxa8 26. c6 Qc8 27. Qe2 Nh4 28.
Rb1 gxf3 29. gxf3 Qh3 30. Ne1 Rg8+ 31. Kh1 Rg3 32. Nd1 Nxf3 33. Nxf3 Rxf3 34.
Nf2 Re3 35. Qd1 Qf3+ 36. Qxf3 Rxf3 37. Kg2 Re3 38. Rb7 Bd8 39. Rb8 Bh4 40. Nd1
Rd3 41. Nb2 Rd2+ 42. Kh3 Be7 43. Rb7 Re2 44. Rb4 Re3+ 45. Kg2 Bh4 46. Nd1 Re2+
47. Kh3 Be1 48. Rb7 Ba5 49. Rb5 Bb6 50. Rb4 Kg6 51. Nb2 Bg1 0-1

[Event "KP 2024/25,Panda RK B-Jiskra N. Bydzov"]
[Site "?"]
[Date "2025.01.19"]
[Round "6.7"]
[White "Cermak, Miroslav"]
[Black "Vanicek, Lukas"]
[Result "1-0"]
[WhiteElo "1884"]
[BlackElo "1796"]
[PlyCount "57"]
[EventDate "2025.??.??"]
[SourceVersionDate "2025.01.19"]

1. d4 b6 2. Bg5 c5 3. e3 Bb7 4. c3 d5 5. Bd3 c4 6. Bc2 Nd7 7. f4 Ngf6 8. Nd2
Qc7 9. Ngf3 h6 10. Bh4 e6 11. Qe2 Bd6 12. Ne5 b5 13. a3 Ne4 14. Nxd7 Qxd7 15.
O-O f5 16. Nxe4 dxe4 17. a4 Bc6 18. axb5 Bxb5 19. Qd1 O-O 20. g4 Qe8 21. Kh1
Kh8 22. Rg1 Bc6 23. Qf1 Bd5 24. gxf5 exf5 25. Ra6 Bc7 26. Rag6 Rf7 27. Qh3 Bxf4
28. Rxg7 Rxg7 29. Bf6 1-0